000 00915nam a22002897a 4500
001 BR8904233
003 BR-BrBNA
005 20230928093303.0
007 ta
008 230509b bl.||||| |||| 00| 0 por d
040 _aBR-BrBNA
_bpor
_cBiblioteca Nacional de Agricultura
041 _a(Por)
072 _aL40
_b5212
_b/G514
090 _ 5212 BR8904233
100 1 _aToledo Neto, O.
110 1 _aUniversidade Federal de Minas Gerais, Belo Horizonte (Brasil). Escola de Veterinaria
_0Tese (Mestrado)
245 1 _aAspectos morfo-funcionais da glandula tireoide de bovinos abatidos em matadouro no estado de Minas Gerais
260 3 _aBelo Horizonte, MG (Brasil):
_c1988.
300 _a43 p.
500 _a46 ref.; Summary (Por); 8 illus.
650 _aBOVINO
650 _aTIREOIDE
650 _aHISTOLOGIA ANIMAL
650 _aMINAS GERAIS
909 _a202309
_bLucia
_c55
_dLucia Elande
942 _cBK
999 _c44093
_d44093